000 00527nam a22001697a 4500
008 120721t xxu||||| |||| 00| 0 spa d
020 _a978-84-670-3207-9
082 _214
_a465
110 _9124
_aReal Academia Española
245 1 0 _aNueva gramática de la lengua española
_cReal Academia Española
260 _aBuenos Aires :
_bEspasa,
_c2009.
300 _a2 vols.
500 _aVol. 1 Morfología Sintaxis, Vol. 2 Sintaxis.
650 1 7 _2unescot
_9121
_aESPAÑOL
650 1 7 _2unescot
_aGRAMATICA
_9125
942 _2ddc
_cREF
999 _c411
_d411